| 000 | 00783cab a2200193 4500 | ||
|---|---|---|---|
| 001 | ABS43771 | ||
| 008 | 090401t1990 xxu||||| |||| 00| 0 eng d | ||
| 035 | _a(Sirsi) u43415 | ||
| 041 | _aeng | ||
| 100 | _aHobbs, D.W. | ||
| 245 | _aConcrete cancer - minimise the risk | ||
| 260 | _c1990 | ||
| 350 | _a0 | ||
| 490 |
_aChartered Builder _v2(7) December 1990, 10-12(3) |
||
| 520 | _aAfter touching on the diagnosis and effect of concrete cancer , this article examines three ways of minimising the risk of alkali silica reaction , (ASR), testing the cement-aggregate combination, limiting the alkali content and the partial replacement of a high alkali Portland cement by fly ash or slag. | ||
| 690 | _aBUILT ENVIRONMENT-BUILDING PATHOLOGY | ||
| 942 | _n0 | ||
| 948 | _c04/03/1997 | ||
| 999 |
_c27710 _d27710 |
||